ბათუმის შოთა რუსთაველის სახელმწიფო უნივერსიტეტის ბიბლიოთეკა

Towards a united Europe : (ბიბ.ჩანაწერი № 52867)

000 -LEADER
fixed length control field 00859nam a2200253Ia 4500
001 - CONTROL NUMBER
control field 19897
003 - CONTROL NUMBER IDENTIFIER
control field GE_BSU
005 - DATE AND TIME OF LATEST TRANSACTION
control field 20200506190920.0
008 - FIXED-LENGTH DATA ELEMENTS--GENERAL INFORMATION
fixed length control field 181216s2011||||pl |||||||||||||| ||eng||
020 ## - INTERNATIONAL STANDARD BOOK NUMBER
International Standard Book Number 97862520961
040 ## - CATALOGING SOURCE
Transcribing agency GE_BSU
080 ## - UNIVERSAL DECIMAL CLASSIFICATION NUMBER
Universal Decimal Classification number 321.7 T-80
245 ## - TITLE STATEMENT
Title Towards a united Europe :
Remainder of title an anthology of twentieth century Polish thought on Europe /
Statement of responsibility, etc. edited by Sławomir Łukasiewicz ; translated by Robert Looby.
250 ## - EDITION STATEMENT
Edition statement First edition
260 ## - PUBLICATION, DISTRIBUTION, ETC.
Place of publication, distribution, etc. Warszawa :
Date of publication, distribution, etc. 2011.
300 ## - PHYSICAL DESCRIPTION
Extent 279 p. ;
Dimensions 24 cm.
490 ## - SERIES STATEMENT
Series statement European unity library series
653 ## - INDEX TERM--UNCONTROLLED
keyword Towards a united Europe
653 ## - INDEX TERM--UNCONTROLLED
keyword an anthology of twentieth century Polish thought on Europe
653 ## - INDEX TERM--UNCONTROLLED
keyword პოლიტიკა
700 ## - ADDED ENTRY--PERSONAL NAME
Personal name Łukasiewicz, Sławomir
Relator term edited by
9 (RLIN) 7988
700 ## - ADDED ENTRY--PERSONAL NAME
Personal name Looby, Robert
Relator term translated by
9 (RLIN) 7989
942 ## - ADDED ENTRY ELEMENTS (KOHA)
Koha item type წიგნი
Source of classification or shelving scheme
ეგზემპლარები
Withdrawn status Lost status Source of classification or shelving scheme Damaged status Not for loan Permanent Location Current Location Shelving location Date acquired Full call number Barcode Date last seen Copy number Price effective from Koha item type
          ბათუმის შოთა რუსთაველის სახელმწიფო უნივერსიტეტის მთავარი ბიბლიოთეკა ბათუმის შოთა რუსთაველის სახელმწიფო უნივერსიტეტის მთავარი ბიბლიოთეკა წიგნსაცავი 2018-12-17 321.7 52352 2018-12-17 52352 2018-12-17 წიგნი
          ბათუმის შოთა რუსთაველის სახელმწიფო უნივერსიტეტის მთავარი ბიბლიოთეკა ბათუმის შოთა რუსთაველის სახელმწიფო უნივერსიტეტის მთავარი ბიბლიოთეკა წიგნსაცავი 2018-12-17 321.7 52353 2018-12-17 52353 2018-12-17 წიგნი